000 nam a22 a 4500
999 _c374990
_d374990
003 BLK
005 20221208031014.0
008 180409b bul|||||r ||||||| ||bul||
010 _aKNG00138369000
040 _aBLK
041 _aBUL
_cBUL
080 _aЖенско движение. Женски въпрос. Обществено положение на жената. Равноправие на жената 396
_b396
_z396
100 1 _aСтанев, Никола
_eпърви автор
_9123350
139 _aСтанев, Никола и др.
245 1 0 _aДнешният дълг на българката
_bРечи
257 _aBGR
260 _c1923
_aСофия
_9418296
_bв. Женски глас
_f(В. Търново : Д. Найденов)
300 _a24 с.
_c25 см
380 _a3
500 _aОтпеч. от в. Женски глас, 1923, N 10-11, 1 март 1923. - Съдържа речи
505 _rНикола Станев.
_tМирът като фактор на напредъка
505 _rДимитрана Иванова.
_tБългарката пред събитията
505 _rДимитър Мишев.
_tНашите врагове
650 0 _aЖенско движение
_9267271
653 7 _9195537
_aречи
700 _aМишев, Димитър
_eсъавт.
_91445
852 _aЦб 177137
856 4 _qpdf
942 _cKNG
_n0
_s1
944 _aCR
_c2020-07-14
_kРенета Константинова
999 _d374982